[Event "Arad op 15th"]
[Site "Arad"]
[Date "2022.08.13"]
[Round "8"]
[White "Tablan, Matei Christian"]
[Black "Chima, Radu Niculin"]
[Result "1/2-1/2"]
[WhiteElo "1907"]
[BlackElo "2005"]
[PlyCount "62"]
[EventDate "2022.08.08"]
[EventType "swiss"]
[EventRounds "9"]
[EventCountry "ROU"]
[SourceTitle "CBM 209 Extra"]
[Source "ChessBase"]
[SourceDate "2022.09.30"]
[SourceVersion "1"]
[SourceVersionDate "2022.09.30"]
[SourceQuality "1"]

1. e4 e6 2. d3 d5 3. Be2 c5 4. f4 Nc6 5. Nf3 Nf6 6. e5 Nd7 7. c4 Nb6 8. 0-0 dxc4 9. dxc4 Qxd1 10. Rxd1 Nb4 11. Nc3 Bd7 12. Ne1 Bc6 13. a3 Na6 14. b3 Be7 15. Bf3 Bxf3 16. Nxf3 Nc7 17. Be3 0-0 18. Ne4 Na6 19. Rd2 Rfd8 20. Rad1 Rxd2 21. Rxd2 Kf8 22. g4 f6 23. Kf1 Ke8 24. g5 Nd7 25. gxf6 gxf6 26. exf6 Nxf6 27. Nfg5 Nxe4 28. Nxe4 b6 29. Ke2 Rc8 30. Kf3 Nb8 31. Rd3 Nc6 1/2-1/2

[Event "Arad op 15th"]
[Site "Arad"]
[Date "2022.08.12"]
[Round "7"]
[White "Chima, Radu Niculin"]
[Black "Muranyi, Erich"]
[Result "1-0"]
[WhiteElo "2005"]
[BlackElo "1867"]
[PlyCount "83"]
[EventDate "2022.08.08"]
[EventType "swiss"]
[EventRounds "9"]
[EventCountry "ROU"]
[SourceTitle "CBM 209 Extra"]
[Source "ChessBase"]
[SourceDate "2022.09.30"]
[SourceVersion "1"]
[SourceVersionDate "2022.09.30"]
[SourceQuality "1"]

1. e4 c5 2. Nf3 Nc6 3. d4 cxd4 4. Nxd4 Nf6 5. Nc3 d6 6. Be2 e6 7. 0-0 Be7 8. Be3 0-0 9. Kh1 Qc7 10. f4 a6 11. Bf3 Na5 12. Qd3 Nc4 13. Bc1 e5 14. Nde2 b5 15. b3 Nb6 16. a4 b4 17. a5 Nbd7 18. Nd5 Nxd5 19. Qxd5 Bb7 20. Qd2 Nf6 21. fxe5 dxe5 22. Ng3 Rfd8 23. Qe2 Rac8 24. Nf5 Bf8 25. Ra2 Qd7 26. Bg5 Qe6 27. Ne3 Rc5 28. Nd5 Bxd5 29. exd5 Nxd5 30. Bg4 Qg6 31. Bxd8 Nc3 32. Bh5 Nxe2 33. Bxg6 hxg6 34. c4 Nc3 35. Rd2 e4 36. Bb6 Re5 37. Rd8 f5 38. c5 Kf7 39. c6 Nb5 40. c7 Nxc7 41. Bxc7 Rc5 42. Rxf8+ 1-0

[Event "ROM-chT div-A"]
[Site "Mamaia"]
[Date "2019.09.25"]
[Round "5.1"]
[White "Dobre, Claudiu Cristian"]
[Black "Chima, Radu Niculin"]
[Result "1/2-1/2"]
[WhiteElo "2316"]
[BlackElo "2041"]
[PlyCount "62"]
[EventDate "2019.09.21"]
[EventType "team-tourn"]
[EventRounds "9"]
[EventCountry "ROU"]
[SourceTitle "EXT 2020"]
[Source "ChessBase"]
[SourceDate "2019.10.17"]
[SourceVersion "1"]
[SourceVersionDate "2019.10.17"]
[SourceQuality "1"]
[WhiteTeam "Targoviste University"]
[BlackTeam "Bistrita"]
[WhiteTeamCountry "ROU"]
[BlackTeamCountry "ROU"]

1. c4 e5 2. Nc3 Nf6 3. Nf3 Nc6 4. e3 Bb4 5. Qc2 0-0 6. Nd5 Bc5 7. Bd3 h6 8. a3 a5 9. b3 d6 10. Bb2 Nxd5 11. cxd5 Ne7 12. Bc4 Bf5 13. Qc3 b5 14. Bxb5 Nxd5 15. Qc1 Rb8 16. Be2 Qe7 17. d4 exd4 18. Bxd4 Bxd4 19. Nxd4 Bd7 20. Nc6 Bxc6 21. Qxc6 Qe5 22. 0-0 Rb6 23. Qc4 Rfb8 24. Bf3 Nc3 25. Qxc7 Rxb3 26. a4 Qc5 27. Qd7 Qe5 28. h3 g6 29. Qc7 Qc5 30. Qd7 Qe5 31. Qc7 Qc5 1/2-1/2

[Event "Satu Mare Szabo Memorial"]
[Site "Satu Mare"]
[Date "2019.08.03"]
[Round "2"]
[White "Sanduleac, Vasile"]
[Black "Chima, Radu Niculin"]
[Result "1-0"]
[WhiteElo "2421"]
[BlackElo "2105"]
[PlyCount "53"]
[EventDate "2019.08.02"]
[EventType "swiss"]
[EventRounds "9"]
[EventCountry "ROU"]
[SourceTitle "CBM 191 Extra"]
[Source "ChessBase"]
[SourceDate "2019.09.30"]
[SourceVersion "1"]
[SourceVersionDate "2019.09.30"]
[SourceQuality "1"]

1. e4 e5 2. Nf3 Nc6 3. d4 exd4 4. Nxd4 Bc5 5. Nxc6 Qf6 6. Qe2 dxc6 7. Nc3 Be6 8. Be3 Bxe3 9. Qxe3 Ne7 10. Bd3 Ng6 11. g3 Ne5 12. f4 Nxd3+ 13. cxd3 0-0 14. 0-0 Bh3 15. Rf2 Rfd8 16. f5 g5 17. e5 Qg7 18. Ne4 g4 19. Nf6+ Kh8 20. Nh5 Qf8 21. e6 Qe7 22. Qe5+ f6 23. Nxf6 Qg7 24. d4 Rd6 25. Re1 Rf8 26. Nd7 Re8 27. f6 1-0

[Event "ROM-chT2"]
[Site "Gilau"]
[Date "2018.10.07"]
[Round "1.3"]
[White "Chima, Radu Niculin"]
[Black "Pit Rada, Mihail Cosmin"]
[Result "1/2-1/2"]
[WhiteElo "2097"]
[BlackElo "2094"]
[PlyCount "73"]
[EventDate "2018.10.07"]
[EventType "team-swiss"]
[EventRounds "9"]
[EventCountry "ROU"]
[SourceTitle "CBM 187 Extra"]
[Source "ChessBase"]
[SourceDate "2018.11.04"]
[SourceVersion "1"]
[SourceVersionDate "2018.11.04"]
[SourceQuality "1"]
[WhiteTeam "Bistrita"]
[BlackTeam "Targoviste"]
[WhiteTeamCountry "ROU"]
[BlackTeamCountry "ROU"]

1. e4 c5 2. Nf3 g6 3. d4 cxd4 4. Nxd4 Nc6 5. Nc3 Bg7 6. Be3 Nf6 7. Nb3 0-0 8. Be2 d6 9. Qd2 Be6 10. 0-0-0 a6 11. Bh6 b5 12. Bxg7 Kxg7 13. h3 h5 14. Kb1 Qb6 15. Nd5 Bxd5 16. exd5 Ne5 17. Qd4 Qxd4 18. Rxd4 Rfc8 19. Na5 Rc5 20. f4 Ned7 21. Bf3 Nb6 22. Rhd1 Rac8 23. c3 R8c7 24. g3 Rc8 25. Ka1 Nc4 26. Nxc4 Rxc4 27. Be2 Rxd4 28. Rxd4 Rc5 29. c4 b4 30. Kb1 a5 31. Kc2 Kh7 32. Kb3 Rc7 33. Ka4 Rc5 34. a3 bxa3 35. Kxa3 Rc7 36. b4 axb4+ 37. Kxb4 1/2-1/2

[Event "ROM-ch"]
[Site "Olanesti"]
[Date "2018.05.21"]
[Round "8"]
[White "Chima, Radu Niculin"]
[Black "Sava, Bogdan"]
[Result "1/2-1/2"]
[WhiteElo "2095"]
[BlackElo "2099"]
[PlyCount "40"]
[EventDate "2018.05.14"]
[EventType "swiss"]
[EventRounds "9"]
[EventCountry "ROU"]
[SourceTitle "CBM 184 Extra"]
[Source "ChessBase"]
[SourceDate "2018.06.28"]
[SourceVersion "1"]
[SourceVersionDate "2018.06.28"]
[SourceQuality "1"]

1. e4 e5 2. Nf3 Nc6 3. Bc4 Nf6 4. d3 Bc5 5. 0-0 0-0 6. Bb3 d6 7. c3 a6 8. h3 Ba7 9. Re1 Ne7 10. Nbd2 Ng6 11. Nf1 h6 12. Ng3 b5 13. a4 Bd7 14. d4 c5 15. axb5 axb5 16. dxe5 dxe5 17. Bd5 Nxd5 18. Qxd5 Qc7 19. Be3 Be6 20. Qd2 Rfd8 1/2-1/2

[Event "ROM-ch"]
[Site "Olanesti"]
[Date "2018.05.14"]
[Round "1"]
[White "Nevednichy, Vladislav"]
[Black "Chima, Radu Niculin"]
[Result "1-0"]
[WhiteElo "2532"]
[BlackElo "2095"]
[PlyCount "51"]
[EventDate "2018.05.14"]
[EventType "swiss"]
[EventRounds "9"]
[EventCountry "ROU"]
[SourceTitle "CBM 184 Extra"]
[Source "ChessBase"]
[SourceDate "2018.06.28"]
[SourceVersion "1"]
[SourceVersionDate "2018.06.28"]
[SourceQuality "1"]

1. e4 e6 2. d4 d5 3. Nc3 Nf6 4. e5 Nfd7 5. f4 c5 6. Nf3 Nc6 7. Be3 cxd4 8. Nxd4 Bb4 9. Be2 0-0 10. 0-0 Nxd4 11. Bxd4 Bc5 12. Bxc5 Nxc5 13. Qd4 Qb6 14. Rad1 Nd7 15. Nb5 Qxd4+ 16. Rxd4 Nc5 17. Nd6 f6 18. c4 fxe5 19. fxe5 Rxf1+ 20. Bxf1 b6 21. b4 Nd7 22. cxd5 Nxe5 23. dxe6 Kf8 24. Re4 Ng6 25. e7+ Nxe7 26. Rf4+ 1-0

[Event "ROM-chT2"]
[Site "Slanic Moldova"]
[Date "2017.10.08"]
[Round "9.2"]
[White "Chima, Radu Niculin"]
[Black "Pop, Alexandru"]
[Result "1/2-1/2"]
[WhiteElo "2124"]
[BlackElo "2285"]
[PlyCount "96"]
[EventDate "2017.09.30"]
[EventType "team-tourn"]
[EventRounds "9"]
[EventCountry "ROU"]
[SourceTitle "CBM 181 Extra"]
[Source "ChessBase"]
[SourceDate "2017.12.12"]
[SourceVersion "1"]
[SourceVersionDate "2017.12.12"]
[SourceQuality "1"]
[WhiteTeam "Bistrita"]
[BlackTeam "Otopeni"]
[WhiteTeamCountry "ROU"]
[BlackTeamCountry "ROU"]

1. e4 e5 2. Nf3 Nc6 3. Bc4 Bc5 4. d3 Nf6 5. 0-0 0-0 6. a4 a6 7. c3 d6 8. h3 Ba7 9. Re1 Ne7 10. Be3 Ng6 11. Nbd2 Bxe3 12. Rxe3 Qe7 13. d4 h6 14. Qc2 Nh5 15. Nf1 Ngf4 16. Ng3 g6 17. Nxh5 Nxh5 18. dxe5 dxe5 19. Rd1 Nf4 20. Kh2 Kg7 21. Qb3 Rb8 22. Qb4 Qxb4 23. cxb4 Re8 24. b5 axb5 25. Bxb5 c6 26. Bf1 f6 27. b4 Kf7 28. g3 Ne6 29. Bc4 g5 30. Red3 Ke7 31. Nd2 Nd4 32. Nb3 Nxb3 33. Bxb3 Be6 34. Bxe6 Kxe6 35. Rd7 Re7 36. R1d6+ Kf7 37. Rd8 Rxd8 38. Rxd8 Ke6 39. Kg2 Rd7 40. Re8+ Kf7 41. Rb8 h5 42. Kf3 Ke6 43. Ke3 Kd6 44. Rf8 Ke6 45. Re8+ Kd6 46. Rf8 Ke6 47. Re8+ Kd6 48. Rf8 Ke6 1/2-1/2

[Event "ROM-chT2"]
[Site "Slanic Moldova"]
[Date "2017.10.07"]
[Round "8.2"]
[White "Slovineanu, Viacheslav"]
[Black "Chima, Radu Niculin"]
[Result "1-0"]
[WhiteElo "2417"]
[BlackElo "2124"]
[PlyCount "123"]
[EventDate "2017.09.30"]
[EventType "team-tourn"]
[EventRounds "9"]
[EventCountry "ROU"]
[SourceTitle "CBM 181 Extra"]
[Source "ChessBase"]
[SourceDate "2017.12.12"]
[SourceVersion "1"]
[SourceVersionDate "2017.12.12"]
[SourceQuality "1"]
[WhiteTeam "Marmatiei Sighetu"]
[BlackTeam "Bistrita"]
[WhiteTeamCountry "ROU"]
[BlackTeamCountry "ROU"]

1. e4 e5 2. Nf3 Nc6 3. Bb5 a6 4. Ba4 Nf6 5. Qe2 b5 6. Bb3 Be7 7. 0-0 d6 8. c3 Na5 9. Bc2 c5 10. h3 0-0 11. d4 Qc7 12. d5 Bd7 13. b3 Rfe8 14. Be3 g6 15. Rd1 Nh5 16. Kh2 Bf6 17. Nbd2 Nf4 18. Qf1 c4 19. b4 Nb7 20. a4 a5 21. axb5 Bxb5 22. Ba4 Bxa4 23. Rxa4 Nd3 24. Nxc4 Qxc4 25. Qxd3 Rac8 26. Qxc4 Rxc4 27. Rda1 Bd8 28. R1a3 axb4 29. Rxb4 Rc7 30. Ra7 Nc5 31. Ra8 Nb7 32. Ra7 Nc5 33. Rxc7 Bxc7 34. Bxc5 dxc5 35. Rb5 Bd6 36. Nd2 f5 37. Nc4 Bf8 38. exf5 gxf5 39. d6 Rc8 40. d7 Rd8 41. Nxe5 Bd6 42. f4 Bxe5 43. fxe5 Rxd7 44. Rxc5 Kf7 45. Rc6 Rd3 46. Rf6+ Kg7 47. Rxf5 Rxc3 48. Rf3 Rc5 49. Re3 Kf7 50. Kg3 Ke6 51. Kh4 Rc7 52. g4 Rf7 53. Kh5 Ra7 54. Kh6 Rd7 55. g5 Rf7 56. h4 Rb7 57. h5 Rc7 58. g6 hxg6 59. hxg6 Rc1 60. Rh3 Rg1 61. Kh7 Rg5 62. g7 1-0

[Event "ROM-chT2"]
[Site "Slanic Moldova"]
[Date "2017.10.03"]
[Round "4.2"]
[White "Chima, Radu Niculin"]
[Black "Ciobanu, Viorel Adrian"]
[Result "1-0"]
[WhiteElo "2124"]
[BlackElo "2192"]
[PlyCount "107"]
[EventDate "2017.09.30"]
[EventType "team-tourn"]
[EventRounds "9"]
[EventCountry "ROU"]
[SourceTitle "CBM 181 Extra"]
[Source "ChessBase"]
[SourceDate "2017.12.12"]
[SourceVersion "1"]
[SourceVersionDate "2017.12.12"]
[SourceQuality "1"]
[WhiteTeam "Bistrita"]
[BlackTeam "Galati Diana"]
[WhiteTeamCountry "ROU"]
[BlackTeamCountry "ROU"]

1. e4 e5 2. Nf3 Nc6 3. Bc4 Nf6 4. d3 Be7 5. 0-0 0-0 6. a4 d6 7. h3 Be6 8. Na3 h6 9. Re1 Nd7 10. c3 Bf6 11. d4 Bxc4 12. Nxc4 exd4 13. cxd4 Re8 14. Na3 Nf8 15. Bf4 Ne6 16. Be3 Ng5 17. Nxg5 Bxg5 18. d5 Bxe3 19. Rxe3 Ne5 20. Rc1 Nd7 21. Nb5 Nc5 22. b4 a6 23. Nxd6 cxd6 24. bxc5 dxc5 25. Rxc5 Qd6 26. Qd4 Rad8 27. e5 Qb6 28. a5 Qb1+ 29. Kh2 Qf5 30. f4 h5 31. Rg3 g6 32. Rg5 Qd7 33. f5 Qe7 34. f6 Qd7 35. Qe4 Rc8 36. Rxc8 Rxc8 37. e6 Qc7+ 38. Qe5 Qxe5+ 39. Rxe5 Kf8 40. e7+ Ke8 41. d6 Kd7 42. Kg3 Re8 43. Rd5 Rc8 44. Kf4 Rc2 45. Ke3 Rc1 46. Kd4 Rc6 47. h4 b5 48. axb6 Rxb6 49. Kc5 Rb5+ 50. Kc4 Rb8 51. Re5 a5 52. Rb5 Ra8 53. Kd5 Ra7 54. Rb8 1-0

[Event "ROM-ch"]
[Site "Calimanesti Caciulata"]
[Date "2017.03.30"]
[Round "6"]
[White "Chima, Radu Niculin"]
[Black "Sandor, Tamas1"]
[Result "1/2-1/2"]
[WhiteElo "2141"]
[BlackElo "2026"]
[PlyCount "74"]
[EventDate "2017.03.25"]
[EventType "swiss"]
[EventRounds "9"]
[EventCountry "ROU"]
[SourceTitle "CBM 177 Extra"]
[Source "ChessBase"]
[SourceDate "2017.04.27"]
[SourceVersion "1"]
[SourceVersionDate "2017.04.27"]
[SourceQuality "1"]

1. c4 c5 2. Nc3 Nc6 3. g3 g6 4. Bg2 Bg7 5. Nf3 e5 6. d3 d6 7. 0-0 Nge7 8. a3 Rb8 9. Rb1 a6 10. b4 cxb4 11. axb4 b5 12. Bg5 0-0 13. Nd5 f6 14. Bd2 Nxd5 15. cxd5 Ne7 16. Qb3 h6 17. e4 f5 18. Rbc1 g5 19. Bc3 Qe8 20. Nxe5 dxe5 21. d6+ Kh7 22. dxe7 Qxe7 23. exf5 Bxf5 24. Rfe1 Bg6 25. Qb2 Rbc8 26. Qe2 Qa7 27. Bd2 Qd4 28. Be4 Bxe4 29. Qxe4+ Qxe4 30. dxe4 Rfd8 31. Rxc8 Rxc8 32. Ra1 Rc6 33. Kf1 Bf8 34. Ke2 Rc4 35. Ke3 Bxb4 36. Bxb4 Rxb4 37. Rxa6 Rb3+ 1/2-1/2

[Event "NATO-ch 27th"]
[Site "Shrivenham"]
[Date "2016.08.26"]
[Round "7"]
[White "Chima, Radu Niculin"]
[Black "Farrell, John F"]
[Result "1/2-1/2"]
[WhiteElo "2107"]
[BlackElo "2035"]
[PlyCount "60"]
[EventDate "2016.08.22"]
[EventType "swiss"]
[EventRounds "7"]
[EventCountry "ENG"]
[SourceTitle "EXT 2018"]
[Source "ChessBase"]
[SourceDate "2017.10.13"]
[SourceVersion "1"]
[SourceVersionDate "2017.10.13"]
[SourceQuality "1"]

1. c4 c5 2. Nc3 Nf6 3. g3 d5 4. cxd5 Nxd5 5. Bg2 Nc7 6. d3 Nc6 7. Nf3 e5 8. 0-0 Be7 9. Be3 0-0 10. Rc1 Ne6 11. Na4 Qa5 12. Bd2 Qd8 13. Be3 Qa5 14. Bd2 Qd8 15. Nc3 Rb8 16. Ne1 Bd7 17. Nd5 Be8 18. Nc2 b6 19. a3 Nc7 20. Nxe7+ Nxe7 21. Bc3 Ng6 22. h4 Nd5 23. Bd2 Nge7 24. e4 Nc7 25. Bc3 f6 26. Ne3 Bf7 27. Qa4 Be8 28. Qc2 Nb5 29. Bh3 Bd7 30. Bg2 Be6 1/2-1/2

[Event "ROM-ch"]
[Site "Olanesti"]
[Date "2016.04.10"]
[Round "9"]
[White "Avramescu, Paul Mihai"]
[Black "Chima, Radu Niculin"]
[Result "1-0"]
[WhiteElo "2063"]
[BlackElo "2140"]
[PlyCount "99"]
[EventDate "2016.04.02"]
[EventType "swiss"]
[EventRounds "9"]
[EventCountry "ROU"]
[SourceTitle "CBM 171 Extra"]
[Source "ChessBase"]
[SourceDate "2016.04.26"]
[SourceVersion "1"]
[SourceVersionDate "2016.04.26"]
[SourceQuality "1"]

1. d4 Nf6 2. c4 e6 3. Nf3 b6 4. g3 Bb7 5. Bg2 Be7 6. 0-0 0-0 7. Nc3 d5 8. cxd5 Nxd5 9. Bd2 Nd7 10. Rc1 c5 11. e3 N7f6 12. Qb3 Nxc3 13. Bxc3 Bd5 14. Qa4 Ne4 15. Rfd1 Nxc3 16. bxc3 Qc7 17. Ne5 Bxg2 18. Kxg2 Bd6 19. Nf3 Rfd8 20. e4 Be7 21. d5 exd5 22. exd5 c4 23. Rd4 Rac8 24. Rcd1 Bf6 25. Re4 Qc5 26. d6 b5 27. Qa6 Rc6 28. Qb7 Rcxd6 29. Rxd6 Qxd6 30. Qxb5 Bxc3 31. Rxc4 Bf6 32. Rc6 Qe7 33. Qc4 g6 34. Qf4 Kg7 35. h4 Rd5 36. Rc7 Rd7 37. Rc6 Rd5 38. Qc4 Rd7 39. a4 h5 40. a5 Qa3 41. Qf4 Qe7 42. Qc4 Qd8 43. a6 Qa5 44. Rc5 Qa1 45. Rc8 Qa5 46. Qe4 Rd8 47. Rc6 Qa1 48. Qb4 Qd1 49. Qc5 Rd3 50. Rxf6 1-0

[Event "ROM-ch"]
[Site "Olanesti"]
[Date "2016.04.06"]
[Round "5"]
[White "Vrencian, Lehel"]
[Black "Chima, Radu Niculin"]
[Result "1-0"]
[WhiteElo "2225"]
[BlackElo "2140"]
[PlyCount "115"]
[EventDate "2016.04.02"]
[EventType "swiss"]
[EventRounds "9"]
[EventCountry "ROU"]
[SourceTitle "CBM 171 Extra"]
[Source "ChessBase"]
[SourceDate "2016.04.26"]
[SourceVersion "1"]
[SourceVersionDate "2016.04.26"]
[SourceQuality "1"]

1. d4 Nf6 2. Nf3 g6 3. Nbd2 Bg7 4. e4 d6 5. Bd3 0-0 6. 0-0 c5 7. d5 Qc7 8. Re1 Nbd7 9. h3 a6 10. a4 e6 11. Nc4 exd5 12. exd5 Nb6 13. Nxb6 Qxb6 14. c4 Bd7 15. a5 Qc7 16. Bd2 Rfe8 17. Qc2 Rxe1+ 18. Rxe1 Re8 19. Rb1 Nh5 20. b4 f5 21. bxc5 dxc5 22. Qb3 Bc8 23. Qb6 Qxb6 24. Rxb6 Nf6 25. Be3 Nd7 26. Rb3 Bf8 27. Bf4 h6 28. h4 Be7 29. Bxh6 Bd8 30. Bd2 Ne5 31. Nxe5 Rxe5 32. f4 Re8 33. g3 Bf6 34. Kf2 Bd4+ 35. Kf3 Kf7 36. Rb1 Re7 37. Bc2 Bf6 38. Rb6 Re8 39. Rb1 Bd8 40. Bc3 Bc7 41. Rh1 Bd8 42. h5 Bf6 43. Bxf6 Kxf6 44. hxg6 Rg8 45. Rh7 Kxg6 46. Rc7 Kf6 47. Ba4 Rf8 48. Kf2 Rh8 49. Ke3 Rg8 50. Kf3 Rh8 51. d6 Be6 52. Rxc5 Rf8 53. d7 Ke7 54. Re5 Kf6 55. c5 Rb8 56. Ke3 Rf8 57. Kd4 Rg8 58. Rxe6+ 1-0